000 01545 a2200253 4500
001 216219481
003 UA-OsUOA
005 20201019143158.0
008 201019b pl ao||g |||| 00| | pol d
020 _a9783625120506
040 _aUA-OsUOA
_bukr
_cUA-OsUOA
_dUA-OsUOA
041 _apol
080 _a030
090 _a030
_bW91
245 _aWszechswiat: Systemy gwiezdne - Planety - Galaktyki
_ctłumaczenie Andrzeja Szukała
260 _bNGV
_aKolonia
300 _a96 s.
520 _aJak powstal nasz Uklad Sloneczny? Na czym polega zacmienie Slonca? Co to jest supernowa? Oto przykladowe pytania, na które mlody Czytelnik znajdzie odpowiedz w tej ksiazce. Zawarte w niej wiadomosci wyjasniaja na przyklad, czym byl Wielki Wybuch i do czego doprowadzil, a takze pozwalaja zrozumiec najbardziej skomplikowane zjawiska astronomiczne. Dzieki opisom planet, meteorów, gwiazd czy znaków zodiaku bezkresne niebo okaze sie mniej zagadkowe, a kosmos o wiele blizszy i wyjatkowo pasjonujacy. Liczne barwne i szczególowe ilustracje przedstawiajace pogladowo wszystkie omawiane zagadnienia - od budowy Slonca i planet, poprzez rotacje Drogi Mlecznej az po energie gwiezdna - ulatwiaja poznanie skomplikowanej, a przy tym niezwykle interesujacej wiedzy o Wszechswiecie.
650 _2UDC
_a030 Універсальні довідкові видання
700 1 _aSzukała Andrzej
942 _cBK
_2udc
955 _a7
999 _c463620
_d463620